Nommez des joueurs de NBA - Mort subite - Statistiques

Statistiques générales
  • Ce quiz a été pris 296 fois
  • Le résultat moyen est 5 sur 10
Answers on the Grid
Answers color-coded by a green-red scale on the quiz's grid according to % correct below.
Nate Robinson
Charlie Criss
Larry Brown
Oscar Schmidt
Thomas Heurtel
Jason kidd
Patrick Kane
Zaza Pachulia
Tim Duncan
Tony Parker
Tom Brady
Joe Montana
Stanley Matthews
Willie Mays
John Wallace
Bob Love
Elgin Baylor
George Mikan
Jack Ryan
Grayson Scott
 
Statistiques - réponses
Réponse % Correct
Tony Parker
81%
Tim Duncan
77%
Nate Robinson
73%
Jason kidd
68%
Elgin Baylor
45%
Zaza Pachulia
41%
George Mikan
33%
Bob Love
23%
John Wallace
19%
Charlie Criss
4%
Aucun quiz correspondant
Distribution des résultats
% des personnes avec chaque résultat
Percentile par nombre de réponses
Votre historique - résultats
Vous n’avez pas pris ce quiz